00439nam a2200157Ia 4500003000900000008004100009020002100050040001600071080001500087100001900102245007000121260003400191300001300225650002400238650001900262IN-BaIIA211028s9999 xx 000 0 eng d a 978-0486602202 cIIA Library a51-74bSMI aSmith, Lloyd P 0aMathematical methods for scientists and engineerscLloyd P. Smith aNew YorkbPrentice-Hallc1953 ax, 453p. aMathematics-general aNASA thesaurus